[Event "Sautron op 18th"]
[Site "Sautron "]
[Date "2018.10.21"]
[Round "2.8"]
[White "Duboue, Peio"]
[Black "Genereau, Thierry"]
[Result "1-0"]
[WhiteElo "2399"]
[BlackElo "1888"]
[PlyCount "157"]
[EventDate "2018.10.20"]
[EventType "swiss"]
[EventRounds "9"]
[EventCountry "FRA"]
[SourceTitle "CBM 187 Extra"]
[Source "ChessBase"]
[SourceDate "2018.11.04"]
[SourceVersion "1"]
[SourceVersionDate "2018.11.04"]
[SourceQuality "1"]

1. d4 Nf6 2. Nf3 g6 3. Bf4 d6 4. Nc3 Bg7 5. e4 0-0 6. Qd2 c5 7. dxc5 dxc5 8. Qxd8 Rxd8 9. Bc4 Nc6 10. 0-0 a6 11. Bc7 Rf8 12. e5 Ne8 13. Bb6 Nxe5 14. Nxe5 Bxe5 15. Bxc5 Bd6 16. Bd4 Bf5 17. Bd5 Nc7 18. Be4 Bxe4 19. Nxe4 Nb5 20. Be3 Be5 21. c3 Nd6 22. Nc5 Rfd8 23. Rad1 Kf8 24. Rd5 Bg7 25. Rfd1 Ke8 26. Bf4 Nc4 27. Rxd8+ Rxd8 28. Rxd8+ Kxd8 29. b3 Nd6 30. c4 Kc7 31. Nxa6+ bxa6 32. c5 Kc6 33. cxd6 exd6 34. Kf1 Kc5 35. Ke2 d5 36. Kd3 f5 37. Bg5 Be5 38. Be7+ Kc6 39. h3 Bg7 40. Bb4 Be5 41. Bc3 Bd6 42. Ke3 Bc5+ 43. Bd4 Bd6 44. Kf3 Kd7 45. Be3 Ke6 46. Bd2 Be5 47. a4 Bd6 48. b4 d4 49. Ke2 Kd5 50. Kd3 Bc7 51. Bc1 Bd6 52. b5 axb5 53. axb5 Bc5 54. Bb2 Bb6 55. Ba3 Bc7 56. Be7 Ba5 57. Bf6 Bb6 58. f3 f4 59. Bh8 Bc5 60. Bg7 Ba7 61. Bf8 Bb6 62. Bb4 Bc7 63. Be7 Ba5 64. Bh4 h6 65. Bf6 Bb6 66. Bg7 h5 67. Bf6 Ba7 68. Bd8 Bc5 69. b6 Kc6 70. Kc4 g5 71. b7 Ba7 72. Bxg5 Kxb7 73. Bxf4 Kc6 74. Be5 d3 75. Kxd3 Kd5 76. Bf4 Bc5 77. g4 hxg4 78. hxg4 Bd4 79. Bd2 1-0

[Event "Sautron op qual 17th"]
[Site "Sautron"]
[Date "2017.09.03"]
[Round "6.10"]
[White "Eugene, Floryan"]
[Black "Genereau, Thierry"]
[Result "1-0"]
[WhiteElo "2321"]
[BlackElo "1868"]
[PlyCount "48"]
[EventDate "2017.10.22"]
[EventType "swiss"]
[EventRounds "9"]
[EventCountry "FRA"]
[SourceTitle "EXT 2020"]
[Source "ChessBase"]
[SourceDate "2019.10.17"]
[SourceVersion "1"]
[SourceVersionDate "2019.10.17"]
[SourceQuality "1"]

1. e4 e6 2. d4 d5 3. Nd2 h6 4. e5 c5 5. c3 Nc6 6. Ngf3 Bd7 7. Bd3 cxd4 8. cxd4 Nb4 9. Be2 Rc8 10. 0-0 Qb6 11. Nb3 Bb5 12. Nc5 Bxe2 13. Qxe2 Bxc5 14. dxc5 Qa6 15. Qd2 Nd3 16. b4 b6 17. c6 Nxc1 18. Rfxc1 b5 19. Nd4 Ne7 20. a4 bxa4 21. b5 Qb6 22. Rxa4 Rc7 23. Ra6 Qb8 24. f4 0-0 1-0

[Event "Sautron op qual 17th"]
[Site "Sautron"]
[Date "2017.09.02"]
[Round "4.6"]
[White "Le Goff, Ronan"]
[Black "Genereau, Thierry"]
[Result "1-0"]
[WhiteElo "2280"]
[BlackElo "1868"]
[PlyCount "57"]
[EventDate "2017.10.22"]
[EventType "swiss"]
[EventRounds "9"]
[EventCountry "FRA"]
[SourceTitle "EXT 2020"]
[Source "ChessBase"]
[SourceDate "2019.10.17"]
[SourceVersion "1"]
[SourceVersionDate "2019.10.17"]
[SourceQuality "1"]

1. Nf3 Nf6 2. d4 e6 3. e3 d5 4. Bd3 c5 5. 0-0 Nc6 6. a3 cxd4 7. exd4 Be7 8. Re1 0-0 9. c3 Qc7 10. Nbd2 a5 11. Nf1 Bd7 12. Ne5 Be8 13. Bf4 Bd6 14. Re3 Ne7 15. Bg5 Ng6 16. Qe2 Nd7 17. Nxd7 Bxd7 18. Qh5 f5 19. Rae1 Nf4 20. Bxf4 Bxf4 21. Rh3 Bh6 22. Qe2 Qf4 23. Bb5 Bc8 24. Rd3 Qd6 25. c4 b6 26. Rc3 Ra7 27. cxd5 exd5 28. Rc6 Qf4 29. Rxc8 1-0

[Event "Sautron op qual 17th"]
[Site "Sautron"]
[Date "2017.09.01"]
[Round "2.5"]
[White "Devallee, Jeremie"]
[Black "Genereau, Thierry"]
[Result "1-0"]
[WhiteElo "2255"]
[BlackElo "1868"]
[PlyCount "77"]
[EventDate "2017.10.22"]
[EventType "swiss"]
[EventRounds "9"]
[EventCountry "FRA"]
[SourceTitle "EXT 2020"]
[Source "ChessBase"]
[SourceDate "2019.10.17"]
[SourceVersion "1"]
[SourceVersionDate "2019.10.17"]
[SourceQuality "1"]

1. e4 e6 2. Nf3 d5 3. e5 c5 4. b4 cxb4 5. a3 Bd7 6. axb4 Bxb4 7. c3 Be7 8. d4 Nc6 9. h4 a6 10. Bd3 Na5 11. Ng5 Rc8 12. Nxf7 Kxf7 13. Qh5+ Kf8 14. Rh3 Nb3 15. Rf3+ Nf6 16. exf6 Bxf6 17. Ba3+ Kg8 18. Ra2 Qe8 19. Qg4 e5 20. Bf5 exd4+ 21. Re2 Bxf5 22. Qxf5 Qc6 23. Re6 Re8 24. Rxe8+ Qxe8+ 25. Kf1 Qb5+ 26. Kg1 Kf7 27. Qh5+ Ke6 28. cxd4 Nxd4 29. Re3+ Kd7 30. Nc3 Qc6 31. Nxd5 g6 32. Qg4+ Nf5 33. Nxf6+ Qxf6 34. Rd3+ Kc8 35. Bd6 Qe6 36. Qb4 Rg8 37. Rc3+ Kd7 38. Qxb7+ Kxd6 39. Rc6+ 1-0

[Event "Sautron op 16th"]
[Site "Sautron"]
[Date "2016.10.22"]
[Round "1.37"]
[White "Genereau, Thierry"]
[Black "Fernandez, Clement"]
[Result "1-0"]
[WhiteElo "1857"]
[BlackElo "1650"]
[PlyCount "67"]
[EventDate "2016.10.22"]
[EventType "swiss"]
[EventRounds "9"]
[EventCountry "FRA"]
[SourceTitle "EXT 2019"]
[Source "ChessBase"]
[SourceDate "2018.10.10"]
[SourceVersion "1"]
[SourceVersionDate "2018.10.10"]
[SourceQuality "1"]

1. c4 c6 2. Nf3 d5 3. e3 Nf6 4. Nc3 Bf5 5. Qb3 Qb6 6. cxd5 Qxb3 7. axb3 Nxd5 8. Nd4 Nb4 9. Kd1 Bd3 10. Bxd3 Nxd3 11. Ke2 Nb4 12. d3 Nd7 13. Ne4 e6 14. Bd2 Ne5 15. Bxb4 Bxb4 16. Ra4 Be7 17. Rha1 a6 18. b4 0-0 19. Nc5 Bxc5 20. bxc5 Rfd8 21. f4 Ng4 22. Rb4 Rd7 23. Nf3 Rad8 24. h3 Nf6 25. Ne5 Nd5 26. Rb3 Re7 27. g3 f6 28. Nc4 e5 29. fxe5 fxe5 30. e4 Nf6 31. Nd6 Red7 32. Ra4 Ne8 33. Nc4 Nc7 34. Rxb7 1-0

[Event "Sautron op 16th"]
[Site "Sautron"]
[Date "2016.10.22"]
[Round "5.21"]
[White "Genereau, Thierry"]
[Black "Harutyunyan, Ruben"]
[Result "0-1"]
[WhiteElo "1857"]
[BlackElo "2136"]
[PlyCount "96"]
[EventDate "2016.10.22"]
[EventType "swiss"]
[EventRounds "9"]
[EventCountry "FRA"]
[SourceTitle "EXT 2019"]
[Source "ChessBase"]
[SourceDate "2018.10.10"]
[SourceVersion "1"]
[SourceVersionDate "2018.10.10"]
[SourceQuality "1"]

1. c4 c5 2. g3 Nc6 3. Bg2 g6 4. Nc3 Bg7 5. Nf3 e6 6. e3 Nge7 7. 0-0 d5 8. Qe2 0-0 9. d3 b6 10. Bd2 Bb7 11. a3 Qd7 12. Rab1 Rfd8 13. Rfd1 dxc4 14. dxc4 Qd3 15. Be1 Qxe2 16. Nxe2 Rxd1 17. Rxd1 Bxb2 18. Rd7 Ba6 19. Nc3 Rd8 20. Rxd8+ Nxd8 21. Nb5 Bxb5 22. cxb5 Nd5 23. a4 Nc3 24. Bxc3 Bxc3 25. Kf1 f6 26. Ke2 Kf8 27. Kd3 Ba5 28. g4 Nf7 29. h4 h6 30. Bh3 Ke7 31. Bg2 g5 32. hxg5 hxg5 33. Bf1 Kd6 34. Bg2 Nh8 35. Nh2 Ng6 36. Nf3 Bb4 37. Bh1 Nh8 38. Bg2 Nf7 39. Ke4 Ke7 40. Kd3 Nd6 41. Nd2 Bxd2 42. Kxd2 f5 43. gxf5 exf5 44. f3 Kf6 45. Kd3 Ke5 46. Bh3 Nf7 47. e4 fxe4+ 48. fxe4 Kf4 0-1

[Event "Avoine op 31st"]
[Site "Avoine"]
[Date "2016.07.24"]
[Round "2"]
[White "Burille, Matthieu"]
[Black "Genereau, Thierry"]
[Result "1-0"]
[WhiteElo "2069"]
[BlackElo "1826"]
[PlyCount "104"]
[EventDate "2016.07.23"]
[EventType "swiss"]
[EventRounds "9"]
[EventCountry "FRA"]
[SourceTitle "CBM 173 Extra"]
[Source "ChessBase"]
[SourceDate "2016.08.29"]
[SourceVersion "1"]
[SourceVersionDate "2016.08.29"]
[SourceQuality "1"]

1. e4 c6 2. Nc3 d5 3. Nf3 Bg4 4. h3 Bxf3 5. Qxf3 e6 6. d4 Bb4 7. a3 dxe4 8. Qxe4 Nf6 9. Qd3 Be7 10. g3 0-0 11. Bg2 Qb6 12. 0-0 Rd8 13. Rd1 Nbd7 14. Be3 Nd5 15. Bd2 Bf6 16. Ne2 e5 17. c4 Qa6 18. Qc2 N5b6 19. dxe5 Nxe5 20. b3 Nexc4 21. bxc4 Bxa1 22. Rxa1 Qxc4 23. Qxc4 Nxc4 24. Bf4 Rd3 25. a4 Rad8 26. Kh2 f6 27. h4 Kf7 28. Rb1 R8d7 29. Rb4 Na5 30. Be3 b6 31. Nf4 Ra3 32. Re4 c5 33. Ne6 Nc6 34. Rg4 Ne5 35. Re4 Kxe6 36. f4 Rd1 37. fxe5 fxe5 38. Bf4 Ra2 39. Rxe5+ Kf6 40. Re4 Kf7 41. Kh3 Ra3 42. Bg5 Rd4 43. Re7+ Kf8 44. Bc6 h6 45. Re8+ Kf7 46. Re7+ Kg6 47. Be8+ Kf5 48. Bc1 Ra1 49. Bb2 Rh1+ 50. Kg2 Rdd1 51. Bd7+ Kg6 52. Rxg7+ Kh5 1-0

[Event "Nantes op 13th"]
[Site "Nantes"]
[Date "2014.12.30"]
[Round "6"]
[White "Genereau, Thierry"]
[Black "Pagandet, Eric"]
[Result "1/2-1/2"]
[WhiteElo "1874"]
[BlackElo "1636"]
[PlyCount "83"]
[EventDate "2014.12.27"]
[EventType "swiss"]
[EventRounds "7"]
[EventCountry "FRA"]
[SourceTitle "EXT 2016"]
[Source "ChessBase"]
[SourceDate "2015.10.08"]
[SourceVersion "1"]
[SourceVersionDate "2015.10.08"]
[SourceQuality "1"]

1. c4 e5 2. g3 Nc6 3. Nc3 g6 4. Bg2 Bg7 5. e4 Nge7 6. Nge2 d6 7. d3 Nd4 8. Nxd4 exd4 9. Nd5 c6 10. Nf4 Qc7 11. Bd2 Bd7 12. b4 0-0 13. h4 h6 14. Qb3 Kh7 15. a4 f5 16. 0-0 fxe4 17. Bxe4 Bf5 18. Bxf5 Nxf5 19. Ne6 Qd7 20. Nxf8+ Rxf8 21. Be1 Nxh4 22. f4 Nf5 23. Bf2 Ne3 24. Bxe3 dxe3 25. Rae1 Bd4 26. Kg2 c5 27. b5 b6 28. Qd1 Qf5 29. g4 Qd7 30. Qf3 a6 31. Rh1 Kg7 32. bxa6 Qxa4 33. Ra1 Bxa1 34. Qb7+ Rf7 35. Qxb6 Bd4 36. Kf3 Qd7 37. Rh2 Qa7 38. Qxd6 Rf6 39. Qd8 Rf8 40. Qd6 Rf6 41. Qd8 Rf8 42. Qd6 1/2-1/2